| Tag |
First Indicator |
Second Indicator |
Subfields |
| LEADER |
00000cam a2200000 a 4500 |
| 001 |
in00000851413 |
| 005 |
20151019060338.0 |
| 008 |
840811s1984 nyuak f00000 eng d |
| 010 |
|
|
|a gp 84022192
|
| 035 |
|
|
|a (OCoLC)11061176
|
| 035 |
|
|
|9 AEB4283AM
|
| 040 |
|
|
|a GPO
|c GPO
|d UtOrBLW
|
| 074 |
|
|
|a 354
|
| 086 |
0 |
|
|a D 109.2:Ap 5
|
| 245 |
0 |
0 |
|a West Point :
|b United States Military Academy, instructions for applicants, class of 1989.
|
| 264 |
|
1 |
|a [West Point, N.Y.] :
|b [Dept. of the Army, U.S. Military Academy],
|c [1984?]
|
| 300 |
|
|
|a 4, 10 pages :
|b illustrations, forms ;
|c 28 cm.
|
| 336 |
|
|
|a text
|b txt
|2 rdacontent
|
| 337 |
|
|
|a unmediated
|b n
|2 rdamedia
|
| 338 |
|
|
|a volume
|b nc
|2 rdacarrier
|
| 500 |
|
|
|a Cover title.
|
| 610 |
2 |
0 |
|a United States Military Academy
|x Admission.
|
| 710 |
2 |
|
|a United States Military Academy.
|
| 999 |
|
|
|a MARS
|
| 999 |
f |
f |
|s b3988f31-2fc6-3e49-b027-027762773595
|i dde4e966-0e99-33b9-8dcc-246883950e0a
|t 0
|
| 952 |
f |
f |
|p normal
|a Texas A&M University
|b College Station
|c Sterling C. Evans Library
|d Evans: US Documents (Annex 5th floor)
|t 0
|e D 109.2:Ap 5
|h Superintendent of Documents classification
|i unmediated -- volume
|m A14815782305
|
| 998 |
f |
f |
|a D 109.2:Ap 5
|t 0
|l Evans: US Documents (Annex 5th floor)
|